Between victims and criminals: rescue, deportation, and everyday violence among nigerian migrants /

Guardat en:
Dades bibliogràfiques
Autor principal: Plambech, Sine
Format: Text
Etiquetes: Afegir etiqueta
Sense etiquetes, Sigues el primer a etiquetar aquest registre!

MARC

LEADER 00000 a a2200000 04500
001 47398
003
040
100 |a Plambech, Sine  
245 |a Between victims and criminals:   |b rescue, deportation, and everyday violence among nigerian migrants /  |c Sine Plambech  
773 |g volumen21, número3, (2014), páginas 382-402  
999 |c 35861  |d 35861